Szczegóły MARC21

Representation theory : a first course /

003 -Nazwa inst., której nr kontr. jest w polu 001 [,]
    • @
    • Nazwa instytucji, której n kontrolny jest w polu 001
    • NUKAT
005 -DATA I CZAS OSTATNIEJ MODYFIKACJI [,]
    • @
    • pole kontrolne
    • 20241231094156.0
020 -Międzynarod. znormalizowany nr książki - ISBN [ , ]
    • a
    • Numer ISBN
    • 0387974954 Find
040 -Instytucja sporządzająca opis [ , ]
    • a
    • Instytucja, która sporządziła opis (NP)
    • SZCZ U/KLR
    • b
    • Język katalogowania
    • pol
    • e
    • Zasady katalogowania
    • rda
    • c
    • Instytucja, która sporządziła rekord (NP)
    • SZCZ U/KLRs
942 -Rodzaj dokumentu [ , ]
    • c
    • Rodzaj dokumentu
    • Książka
100 -Hasło główne - nazwa osobowa [1, ]
    • a
    • Nazwa osobowa (NP)
    • Fulton, William
    • d
    • Daty biograficzne (NP)
    • (1939- ).
    • e
    • Rodzaj współpracy
    • Autor
    • 9
    • KHW
    • 476507
245 -Strefa tytułu i oznaczenia odpowiedzialności [1,0]
    • a
    • Tytuł
    • Representation theory : Find
    • b
    • Ciąg dalszy tytułu (NP)
    • a first course / Find
    • c
    • Pozostałe elementy strefy tytułu i oznaczenia odpowiedzialności (NP)
    • William Fulton, Joe Harris.
260 -Strefa adresu wydawniczego [ , ]
    • a
    • Miejsce wydania (P)
    • New York :
    • b
    • Nazwa wydawcy (P)
    • Springer,
    • c
    • Data wydania (P)
    • 2009.
300 -Strefa opisu fizycznego [ , ]
    • a
    • Określenie formy książki i/lub objętość (NP)
    • XV, 551 stron :
    • b
    • Oznaczenie ilustracji (NP)
    • ilustracje ;
    • c
    • Format (NP)
    • 24 cm.
336 -Typ zawartości [ , ]
    • a
    • Termin opisujący typ zawartości
    • Tekst
    • b
    • Kod określający zawartość
    • txt
    • 2
    • Źródło (terminu i kodu)
    • rdacontent
337 -Typ mediów [ , ]
    • a
    • Tryb odtwarzania
    • Bez urządzenia pośredniczącego
    • b
    • Kod typu mediów
    • n
    • 2
    • Źródło (terminu i kodu)
    • rdamedia
338 -Typ/rodzaj nośnika [ , ]
    • a
    • Hasło opisujące typ nośnika
    • Wolumin
    • b
    • Kod typu nośnika
    • nc
    • 2
    • Źródło (terminu i kodu)
    • rdacarrier
490 -Strefa serii i książki wielotomowej - forma nie do wyszukiwania [1, ]
    • a
    • Tytuł (P)
    • Graduate Texts in Mathematics. Readings in Mathematics ; Find
    • v
    • Numeracja (P)
    • 129
490 -Strefa serii i książki wielotomowej - forma nie do wyszukiwania [1, ]
    • a
    • Tytuł (P)
    • Undergraduate Texts in Mathematics. Readings in Mathematics Find
490 -Strefa serii i książki wielotomowej - forma nie do wyszukiwania [1, ]
    • a
    • Tytuł (P)
    • Springer Study Edition Find
830 -Hasło dodatkowe serii i opisu książki wielotomowej - tytuł ujednolicony/tytuł [ ,0]
    • a
    • Tytuł ujednolicony/tytuł (NP)
    • Graduate Texts in Mathematics.
    • p
    • Nazwa części/podserii/sekcji (P)
    • Readings in Mathematics
    • v
    • Oznaczenie tomu (NP)
    • 129
    • 9
    • KHW
    • 633727
830 -Hasło dodatkowe serii i opisu książki wielotomowej - tytuł ujednolicony/tytuł [ ,0]
    • a
    • Tytuł ujednolicony/tytuł (NP)
    • Undergraduate Texts in Mathematics.
    • p
    • Nazwa części/podserii/sekcji (P)
    • Readings in Mathematics
    • 9
    • KHW
    • 688376
830 -Hasło dodatkowe serii i opisu książki wielotomowej - tytuł ujednolicony/tytuł [ ,0]
    • a
    • Tytuł ujednolicony/tytuł (NP)
    • Springer Study Edition
    • x
    • ISSN
    • 0172-6234
    • 9
    • KHW
    • 476526
504 -Uwaga dot. bibliogr. załącznikowej [ , ]
    • a
    • Uwaga dot. bibliografii załącznikowej
    • Bibliografia na stronach 536-541. Indeksy.
080 -Uniwersalna Klasyfikacja Dziesiętna [ , ]
    • 2
    • Identyfikator wydania tablic
    • UDC-P058
    • 9
    • UKD
    • 4034
    • a
    • Symbol klasyfikacji
    • 512.81
    • b
    • Dopowiedzenie
    • Grupy Liego.
    • 4
    • UKD2
    • 7644
    • x
    • Poddział wspólny
    • =111
    • c
    • Dopowiedzenie poddz. wspólnego
    • =Język angielski.
080 -Uniwersalna Klasyfikacja Dziesiętna [ , ]
    • 2
    • Identyfikator wydania tablic
    • FID 607
    • 9
    • UKD
    • 11318
    • a
    • Symbol klasyfikacji
    • 512.554.3
    • b
    • Dopowiedzenie
    • Pierścienie i algebry nieasocjatywne. Pierścienie Lie'go.
    • 4
    • UKD2
    • 7644
    • x
    • Poddział wspólny
    • =111
    • c
    • Dopowiedzenie poddz. wspólnego
    • =Język angielski.
080 -Uniwersalna Klasyfikacja Dziesiętna [ , ]
    • 2
    • Identyfikator wydania tablic
    • FID 607
    • 9
    • UKD
    • 11441
    • a
    • Symbol klasyfikacji
    • 512.542
    • b
    • Dopowiedzenie
    • Grupy skończone.
    • 4
    • UKD2
    • 7644
    • x
    • Poddział wspólny
    • =111
    • c
    • Dopowiedzenie poddz. wspólnego
    • =Język angielski.
080 -Uniwersalna Klasyfikacja Dziesiętna [ , ]
    • 2
    • Identyfikator wydania tablic
    • FID 607
    • 9
    • UKD
    • 11442
    • a
    • Symbol klasyfikacji
    • 517.986.5
    • b
    • Dopowiedzenie
    • Nieskończone wymiarowe reprezentacje algebr Lie'go.
    • 4
    • UKD2
    • 7644
    • x
    • Poddział wspólny
    • =111
    • c
    • Dopowiedzenie poddz. wspólnego
    • =Język angielski.
080 -Uniwersalna Klasyfikacja Dziesiętna [ , ]
    • 2
    • Identyfikator wydania tablic
    • FID 607
    • 9
    • UKD
    • 11443
    • a
    • Symbol klasyfikacji
    • 517.986.68
    • b
    • Dopowiedzenie
    • Funkcje specjalne powstające w teorii skończenie wymiarowych i nieskończenie wymiarowych reprezentacji grup Lie'go.
    • 4
    • UKD2
    • 7644
    • x
    • Poddział wspólny
    • =111
    • c
    • Dopowiedzenie poddz. wspólnego
    • =Język angielski.
650 -Hasło przedmiotowe [ ,7]
    • a
    • Hasło przedmiotowe
    • Algebry Lie'go
    • v
    • Określnik formalny
    • podręczniki akademickie.
    • 2
    • Źródło terminu
    • kaba
    • 9
    • KHW
    • 524773
650 -Hasło przedmiotowe [ ,7]
    • a
    • Hasło przedmiotowe
    • Grupy Lie'go
    • v
    • Określnik formalny
    • podręczniki akademickie.
    • 2
    • Źródło terminu
    • kaba
    • 9
    • KHW
    • 524774
650 -Hasło przedmiotowe [ ,7]
    • a
    • Hasło przedmiotowe
    • Reprezentacje grup
    • v
    • Określnik formalny
    • podręczniki akademickie.
    • 2
    • Źródło terminu
    • kaba
    • 9
    • KHW
    • 622972
980 -Symbol UKD [ , ]
    • a
    • UKD
    • 512.81:512.554.3:512.542:517.986.5:517.986.68]=111
700 -Hasło dodatkowe - nazwa osobowa [1, ]
    • a
    • Nazwa osobowa (NP)
    • Harris, Joseph Find
    • d
    • Daty biograficzne (NP)
    • (1951- ).
    • e
    • Określenie rodzaju współpracy
    • Autor
    • 9
    • KHW
    • 587370
710 -Hasło dodatkowe - nazwa ciała zbiorowego [2, ]
    • a
    • Nazwa ciała zbiorowego lub nazwa geograficzna jako pierwszy element (NP)
    • Springer Science+Business Media.
    • e
    • Rodzaj współpracy
    • Wydawca
    • 4
    • Kod relacji
    • pbl
    • 9
    • KHW
    • 65740
920 -ISBN [ , ]
    • a
    • ISBN
    • 0-387-97495-4 Find
Lokalizacja Data inwentaryzacji Status udost. Numer inwentarzowy Sygnatura
BG2010-02-101N.19619N.19619